| 000 | 00353 a2200157 4500 | ||
|---|---|---|---|
| 001 | 150984 | ||
| 040 | _cEscola São Tomás de Aquino | ||
| 100 | _aCARRASCO, Walcyr | ||
| 240 | 1 | 0 |
_aEm busca de um sonho _lpor |
| 245 | 1 | 0 | _aEm busca de um sonho |
| 300 | _a160 | ||
| 362 | 0 | _a2007 | |
| 440 | 1 | _aModerna | |
| 697 | _a*LITERATURA JUVENIL | ||
| 942 | _cBK | ||
| 999 |
_c150984 _d150984 |
||